000 00568cam a2200205 a 4500
001 000007803
005 20200929154313.0
008 780116s1968 ve 000 f spa
040 _aDO-SdBNP
_bspa
_cBNPHU
082 _aV863.6
_bT787a
100 1 _aTrejo, Oswaldo,
_d1924-
_921511
245 1 0 _aAnden lejano :
_bnovela.
260 _aCaracas :
_bMonte Ávila,
_c1968.
300 _a203 p. ;
_c20 cm.
490 1 _aPrisma
650 4 _aNovela venezolana
_93962
650 4 _aLiteratura venezolana
_93816
650 4 _aRecuerdos
_xNovela
_921512
830 0 _aPrisma
_93770
999 _c7581
_d7581